000 00929nam a22002657a 4500
003 DO-SdBNP
005 20260313112256.0
007 ta
008 220927e1940 |||||||e |||| 00| p spa d
040 _aDO-SdBNP
_bspa
_cBNPHU
041 _hspa
082 4 _a861.42
_bL864f
_222
100 1 0 _aLópez Alarcón, Enrique
_982448
245 1 0 _aFlor de sonetos :
_bal generalísimo doctor Rafael L.Trujillo Molina : benefactor de la patria /
_cEnrique López Alarcón
260 _aCiudad Trujillo :
_bConsejo Administrativo del Distrito de Santo Domingo,
_c1940.
300 _a12 p. ;
_c31 cm
590 _aInventariado, 2022 / SA
650 0 _aPoesía
_94503
650 0 _aPoesía dominicana
_978060
650 4 _9631
_aPoesía española
650 4 _923574
_aPoesía histórica dominicana
650 4 _923787
_aPoesía patriótica dominicana
_vconcurso
_ySiglo XX
700 1 _aEnrique López Alarcón
_982449
942 _2ddc
_cLF2
999 _c52486
_d52486